000 00338nam a2200133Ia 4500
008 240624s9999 xx 000 0 und d
041 _aeng
082 _a891.43 CAR
100 _aCARNEGIE DALE
245 _aLOK VYAVHAAR
260 _c2015
_aNew Delhi
_bManjul Publishing House Pvt Ltd
300 _a364 : p. : cm. ; 18
365 _cRS
_b25
999 _c27650
_d27650